000 01024nam a22003257a 4500
003 CHAP
005 20220817042645.0
008 971013s1984 r 00010 d
010 _a51284
011 _a52256
035 _a56406
040 _cCHAP
082 _a338.17315
_bR6
100 0 0 _aRohrback, David.
_999094
245 _aMaize food and feed consumption in the developing world
260 _aMéxico, D. F. :
_bCIMMYT,
_c1984
300 _a72 p.
490 _aEconomics Program. Working paper
_v; 04184
590 _aBATCH-UPD
_b10
_c20130110
_lUCH01
_h0714
590 _aBATCH-UPD
_b10
_c20130410
_lUCH01
_h0359
590 _aBATCH-UPD
_b10
_c20130914
_lUCH01
_h1752
590 _aCONVERSION
_b10
_c20130109
_lUCH01
_h1328
650 1 4 _aMaíz como forraje.
_971109
650 1 4 _aMaíz
_xConsumo.
650 1 4 _aMaíz
_xValor nutritivo.
_971080
830 0 _aEconomics program working paper
_v; 04184
901 _aBK
942 _cLIBRO
949 _a338.17315 R6
_bBC
_cLIBRO
_d33724000111365
_eLIBRO
_h72714
_i56406
_si
999 _c51284
_d51284